| 000 | 00555nam a2200205Ia 4500 | ||
|---|---|---|---|
| 005 | 20260429112046.0 | ||
| 008 | 260429s9999||||xx |||||||||||||| ||und|| | ||
| 020 | _a9781836594000 | ||
| 041 | _aEnglish | ||
| 082 |
_a330.0151 _bMAR |
||
| 100 | _aMartinez, David | ||
| 245 | 0 |
_aText book of mathematical economics / _cDavid Martinez |
|
| 250 | _a1st ed. | ||
| 260 |
_aLondon : _bETP ED- Tech Press, _c2025. |
||
| 300 | _ax, 262 p.; hb | ||
| 650 | _a Applied mathematics | ||
| 650 | _a Economics | ||
| 650 | _aMathematical economics | ||
| 942 | _cTB | ||
| 999 |
_c52131 _d52131 |
||